Koncepčný návrh ručného paletovacieho vozíka so zdvihom 1200mm

Uložené v:
Podrobná bibliografia
Hlavný autor: Jesenský, Adam (Autor)
Ďalší autori: Slovák, Pavol (Vedúci práce)
Médium: Rukopis Kniha
Jazyk:Slovak
Vydavateľské údaje: 2024
Predmet:
On-line prístup:http://is.stuba.sk/zp/portal_zp.pl?podrobnosti=179055
Tagy: Pridať tag
Žiadne tagy, Buďte prvý, kto otaguje tento záznam!

MARC

LEADER 00000ntm a22000003a 4500
001 stuzp99457
003 SK-STU
005 20241120101646.2
007 ta
008 150427s2015----xo-----f-mn---000-0-slo-d
040 |a STU  |b slo 
041 0 |a slo 
100 1 |a Jesenský, Adam  |u 020030  |4 aut  |U SjF Strojnícka fakulta  |T SjF Ústav automobilového inžinierstva a konštruovania  |X 98769  |U J0030  |Y 806  |7 98769 
242 0 1 |a Conceptual design of a manual pallet truck with a lift of 1200 mm  |y eng 
245 1 0 |a Koncepčný návrh ručného paletovacieho vozíka so zdvihom 1200mm 
260 |c 2024 
650 4 |a Ručný paletový vozík  |2 slo 
650 4 |a zdvíhací vozík  |2 slo 
650 4 |a zdvíhacie zariadenie  |2 slo 
650 4 |a priamočiary hydraulický motor  |2 slo 
650 4 |a straight hydraulic motor  |2 eng 
650 4 |a lifting device  |2 eng 
650 4 |a Hand pallet truck  |2 eng 
650 4 |a lift truck  |2 eng 
700 1 |a Slovák, Pavol  |u 020030  |k Z1  |4 ths  |U SjF Strojnícka fakulta  |T SjF Ústav automobilového inžinierstva a konštruovania  |X 2338  |U J0030  |Y 806  |7 A000002338 
856 4 |u http://is.stuba.sk/zp/portal_zp.pl?podrobnosti=179055 
996 |b 284J047686  |c J* 3781/DDP  |l JJSK  |s A  |a 24  |w stuzp99457_0001